Quizzes
Events
Quiz Creation
Community
Videos
Private Events
Remove Ads
Sign In
Join for FREE
Feedback
Dark Mode
Quiz Categories
Sports
Geography
Music
Movies
Television
Just For Fun
Miscellaneous
History
Literature
Language
Science
Gaming
Entertainment
Religion
Holiday
For Kids
Quiz Lab
Recent
Popular Today
Quiz Kudos Today
Editor Picks
Curator Picks
Quizzes by...
Day
Popularity
Type
Ratings
Length
Year
Community
Subscriptions
Recent Discussions
Orange Saloon
Badges
Playlists
Quests
Create
Leaderboards
Showdown
Live 5
Trivia Bingo
Activity
Puzzle Library
Sporcle Events
Private Events
Virtual Trivia
Globe League
Become a Host
Pub Owners
SporcleCon
Opinionation
Our Games
Videos
Blog
Mobile Apps
Partnerships
Remove Ads and Go Orange
Feedback
Geography
Country
Landmarks
City
State
Population
World
Capital
Continent
Flags
Europe
Africa
Asia
South America
North America
Oceania
Border
Canada
United Kingdom
Topography
United States
Geography
Country
Landmarks
City
State
Population
World
Capital
Continent
Flags
Europe
Africa
Asia
South America
North America
Oceania
Border
Canada
United Kingdom
Topography
United States
Random Quiz
Search Sporcle
×
Editor Pick
Editor Pick
Geography
Asia
Type in answers that appear in a list
Type in answers that appear in a list
Classic
Best Score? Go Orange.
Burj Khalifa or Abraj Al Bait? Stats
Can you attribute each fact to its proper building of the Middle East, either Burj Khalifa (B) or Abraj Al Bait (A)?
By
QuizMiss
5m
16 Questions
672 Plays
672 Plays
672 Plays
Comments
Comments
Give Quiz Kudos
Give Quiz Kudos
-
- Ratings
hide this ad
Forced Order
Answers have to be entered in order
Answers have to be entered in order
Wrong Answers
Some wrong answers will appear in red
Some wrong answers will appear in red
Replay
Link that replays current quiz
Next Quiz
Link to next quiz in quiz playlist
You Got
0%
They Got
Avg Score
75%
Avg Friend Score
Upgrade to see
Score Distribution
Jump to the score distribution portion of the page
Score
0/16
Timer
05:00
0
Plays Today
Hint
Answer
% Correct
It is also known as the Makkah Royal Clock Tower Hotel.
???
91.7%
On January 16, 2009, it became the tallest building in the world.
???
90.9%
It is part of 'Downtown Dubai', in the UAE.
???
90.8%
It is a government-
owned megatall building complex in Mecca.
???
88.7%
It is metres away from Masjid al-
Haram, the largest mosque in the world.
???
87.1%
It features the world's highest nightclub on the 144th floor.
???
81.1%
Before construction, The Ajyad Fortress was destroyed, sparking international outcry.
???
80.7%
It was part of the King Abdulaziz Endowment Project.
???
79%
Hint
Answer
% Correct
On 28 March 2011, Alain 'Spiderman' Robert scaled the outside.
???
76.8%
The sky lobbies on the 43rd and 76th floors house swimming pools.
???
74.7%
Same architect as Willis Tower and the new One World Trade Center.
???
73.1%
In 2015 it is the fourth tallest freestanding structure in the world.
???
71.7%
It has a 'Y' shaped footprint.
???
68.6%
It displays its country's coat of arms.
???
67.7%
A 304-
room Armani Hotel occupies 15 of the lower 39 floors.
???
65.3%
It contains a 5-
story shopping mall.
???
27.4%
Quiz Playlist
Details
Report
Send in Message
Add To Playlist
Classic:
Type in answers that appear in a list
Forced Order:
Answers have to be entered in order
Wrong Answers:
Some wrong answers will appear in red
Quiz Source
Last Updated: Feb 16, 2017
Editor Pick in
Geography
Curator Pick in
Asia
Quiz Scoreboard
CHALLENGE
Sign Up to Join the Scoreboard
Show All
Scores
Hide
Comments
May contain spoilers
Recently Published
9x9 Crossword: Cartoon Network
by jackfrog10
Miscellaneous
3m
College Basketball Coaching Resumes
by pancakes188
Sports
9m
Billboard Blitz: Fleetwood Mac
by CooCooCachoo
Music
15s
More to Explore
Quiz From the Vault
Featured Blog Post
Where Did the Easter Bunny Come From?
hide this ad
You Might Also Like...
Tags
Asia Quiz
attribute
Building
Either
house
Middle East
palace
Proper
White
Today's Top Quizzes in Geography
Browse Geography
hide this ad
Today's Top Quizzes in Asia
Browse Asia
Top Contributed Quizzes in Geography
1
Countries of the World - No Outlines Minefield
2
Top 25 Cities of France on a map
3
Any capital of a 'B' country per Continent
4
Any capital of a 'C' country per Continent
5
Closest Countries to UK A-Z
6
Any capital of a 'D' country per Continent
7
5-to-1: US Geography No Hints
8
Any capital of an 'E' country per Continent
9
Find the US States - No Outlines
10
Any capital of an 'F' country per Continent
Explore More
Trending Topics
Anime
Marvel
Kpop
Crossword
Harry Potter
Disney
NBA
WWE
The Office
Puzzle
Pokémon
Country
Soccer
NFL
Song
hide this ad
More By:
QuizMiss
Quiz
Plays
Rating
Category
Featured
Created
What to Burn in a Fireplace
76,812
4.24
Miscellaneous
Oct 19, 2014
Flag Day (US): True or False
8,212
4.50
Holiday
Jun 11, 2015
Buckingham Palace or The White House?
6,677
4.78
History
May 26, 2015
Germany or Austria?
4,030
3.02
Geography
Sep 2, 2015
Morocco to Switzerland
1,549
4.64
Geography
Jun 16, 2015
Go to Creator's Profile
Score Distribution
Quiz Creator Spotlight
QuizMiss
Follow
Send a Message
Quizzes Created
-
Created Quiz Play Count
-
More By This Creator
Popular Quizzes Today
1
Find the US States - No Outlines Minefield
2
Find the Countries of Europe - No Outlines Minefield
3
The Countries of the World
4
Find the US States
5
Risky Map Clicking: Biggest States A-Z
6
US States
7
Popular People in 1961
8
Movies - When Are They Set?
More Geography Quizzes
'T' State Abbreviations
Published
Trending Quizzes
Risky Map Clicking: Least Populous States A-Z
1-10 Letter G Words
1-10 Letter F Words
Risky Map Clicking: Next State Alphabetically
Adjectives in 80s TV Shows
Recently Updated
Leaping Animals
pecheneg
Reality TV Shows (A-Z)
bhenderson79
Rickey Henderson's Hall of Fame Teammates
pecheneg
Champions League XIs: Arsenal
pecheneg
Quick Pick: Celebrities in WWE's Hall of Fame
aduchscher
A-Z Keypad Blitz II
pecheneg
Multiple Oscar Actors
pecheneg
Mystery Phrase Blitz: Oscar 'Best Actors'
pecheneg
F. Scott Fitzgerald Novels
LTH
Pick 3 Villains
ddd62291
Trending Topics
Anime
Crossword
Kpop
Disney
Harry Potter
Marvel
NBA
Song
Puzzle
Pokémon
Soccer
WWE
NFL
Country
The Office
Your Account Isn't Verified!
In order to create a playlist on Sporcle, you need to verify the email address you used during registration. Go to your
Sporcle Settings
to finish the process.
Report this User
Report this user for behavior that violates our
Community Guidelines
.
Details:
Send Report
Go to the Sporcle.com Mobile Site →
Comments